| 000 | 00494nam a22001817a 4500 | ||
|---|---|---|---|
| 003 | OSt | ||
| 005 | 20251117101953.0 | ||
| 008 | 251117b |||||||| |||| 00| 0 eng d | ||
| 020 | _a978-1-250-25804-5 | ||
| 040 |
_aDWCL - Main Lib _cOC |
||
| 082 | _aF L926r 2019 | ||
| 100 | _aLu, Marie | ||
| 245 |
_aRebel : _bA Legend Novel / _cMarie Lu |
||
| 260 |
_aNew York, NY ; _bRoaring Brook Press , _cc2019. |
||
| 300 |
_a378 pages ; _c21cm. |
||
| 650 | _a1. Fiction - Novel | ||
| 942 |
_2ddc _cFIC. _mF _n0 |
||
| 999 |
_c5704 _d5704 |
||